000 00989nam a2200289 a 4500
001 BRCA_7926
005 20190320210044.0
008 070314s1972----mx-a###f##---#000-0#spa-#
041 _aspa
044 _amx
050 4 _aN6550
_b.F47
_c1972
100 1 _aFernández, Justino
_d1904-1973
_919607
245 1 0 _aLas manos del mexicano
_cIntroducción de Salvador Novo ; textos de Justino Fernández, Gonzalo Obregón y Carlos Pellicer.
260 _aMéxico
_bFinanciera Comermex
_c1972
300 _a1 v. (sin páginación)
_bil. a color
_c24 cm.
500 _a301
500 _aEjemplar numerado 408 de 1,500
504 _aBibliografía p.81
650 1 4 _aArte mexicano
_vColeccionistas y colecciones
_919608
650 1 4 _aArtesanías
_vColecciones particulares
_zMéxico
_919609
650 1 4 _aArtes decorativas
_zMéxico
_93532
700 1 _aNovo, Salvador
_eintr.
_910738
700 1 _aObregón, Gonzalo
_9811
700 1 _aPellicer, Carlos
_97681
902 _aGFM
942 _2lcc
_cB
999 _c7596
_d7596